Beach processes and sedimentation
Saved in:
| Main Author: | |
|---|---|
| Format: | Book |
| Language: | English |
| Published: |
Upper Saddle River
Prentice Hall
1998
|
| Edition: | 2a. ed |
| Subjects: | |
| Tags: |
Add Tag
No Tags, Be the first to tag this record!
|
MARC
| LEADER | 00000cam a2200000 a 4500 | ||
|---|---|---|---|
| 001 | UCO7133 | ||
| 003 | CL-VaPUC | ||
| 008 | 001110e19980000US |||||||||||||||||eng|d | ||
| 020 | |a 0137549385 | ||
| 082 | 0 | 4 | |a 551.45 |b KOM |2 21 |
| 100 | |a Komar, Paul D |e author |9 451836 | ||
| 245 | 1 | 0 | |a Beach processes and sedimentation |
| 250 | |a 2a. ed | ||
| 300 | |a 544 p | ||
| 942 | |c BK | ||
| 945 | |d 20001110 00:00:00 |a vberengu | ||
| 260 | |a Upper Saddle River |b Prentice Hall |c 1998 | ||
| 650 | 0 | |a Erosión costera |9 261199 | |
| 650 | 0 | |a Sedimentos marinos |9 260001 | |
| 650 | 0 | |a Olas |9 261446 | |
| 583 | |a last modification |c 20120314 12:39:32 |k Rodrigo Vera | ||
| 999 | |c 292335 |d 292333 | ||
| 952 | |0 0 |1 0 |4 0 |6 551_450000000000000_KOM_1998 |7 0 |8 CCM |9 343127 |a BIBCUR |b BIBCUR |d 2019-11-20 |i 3647013 |o 551.45 KOM 1998 |p 3647013 |r 2025-04-22 |w 2019-11-20 |y BK_R |k RNT | ||
| 952 | |0 0 |1 0 |4 0 |6 551_450000000000000_KOM_1998 |7 0 |8 A |9 343128 |a BIBING |b BIBING |d 2019-11-20 |i 4845900 |o 551.45 KOM 1998 |p 4845900 |r 2025-01-20 |w 2019-11-20 |y BK |k CIC | ||